000 00783nam a2200253 a 4500
001 adlib96000001
003 ViArRB
005 200902210153555.7
008 960221s1955 dcuabcdjdbkoqu001 0deng d
020 _a
022 _a
040 _aAdlib
082 _a551.511
245 _aAtmospheric thermodynamics
250 _a
260 _aDordrecht
_bD. Reidel
_c1973
300 _ax,222p
_c
500 _a
100 _aIribarne, J V
_e
700 _a
_a
942 _cBK
653 _aAtmosphere
_aSky
_aUpper atmosphere
_aAir
_aEarth
_aStructure
_aMeteorology
_aClimatology
_aThermodynamics
_aAerothermodynamics
_aHeat pumps
_aDynamics
_aPhysical chemistry
_aPhysics
952 _w2010-06-16
_p00008628
_r2010-06-16
_40
_00
_bUL
_10
_o551.511 IRI
_d2010-06-16
_70
_yBK
_aUL
999 _c16298
_d16297